All teams that have played a final in a cup recognized by UEFA - Statistics

General Stats
  • This quiz has been taken 1,953 times
    147 since last reset
  • The average score is 64 of 101
Answer Stats
Hint Hint Answer % Correct
England 3C - 2U - 2W - 1CO Chelsea
93%
England 10C - 4U - 1W Liverpool
93%
England 2C - 1W Manchester City
93%
England 1C - 2U - 3W Arsenal
91%
England 5C - 3U - 1W Manchester United
91%
England 1C - 4U - 1W Tottenham
91%
Germany 1C - 2U Bayer Leverkusen
87%
England 1C Aston Villa
86%
Italy 7C - 5U Inter
86%
Italy 11C - 3W Milan
86%
France 2C - 2W Paris Saint-Germain
86%
Germany 3C - 2U - 1W Borussia Dortmund
85%
Italy 9C - 4U - 1W Juventus
85%
Netherlands 6C - 2U - 2W Ajax
84%
England 2C Nottingham Forest
84%
France 2C - 3U Olympique Marseille
84%
Italy 1C - 2U - 1CO Roma
84%
Portugal 7C - 3U Benfica
82%
Italy 1U - 1W Lazio
82%
Portugal 2C - 2U - 1W Porto
82%
Netherlands 1C - 1U PSV Eindhoven
82%
Spain 18C - 2U - 2W Real Madrid
82%
Belgium 2U - 4W Anderlecht
81%
Spain 8C - 6W Barcelona
81%
Germany 11C - 1U - 1W Bayern Munich
81%
Belgium 1C - 1U Club Brugge
81%
Scotland 2C - 1U Celtic Glasgow
80%
Greece 1CO Olympiacos
80%
Scotland 2U - 3W Rangers Glasgow
80%
Spain 7U Sevilla
80%
Austria 2W Rapid Vienna
79%
Netherlands 1C - 2U - 1CO Feyenoord
78%
Italy 1C - 1U - 2W - 2CO Fiorentina
78%
Italy 1U Napoli
78%
Austria 1U Red Bull Salzburg
78%
England 1W - 1CO West Ham
78%
Spain 3C - 3U - 3W Atletico Madrid
77%
Germany 2C - 1U - 2W Hamburg
76%
France 1C - 1W Monaco
75%
Spain 2C - 1U - 1W Valencia
75%
Turkey 1U Galatasaray
73%
Ukraine 2W Dynamo Kiev
72%
Serbia 1C - 1U Red Star Belgrade
72%
Russia 1U Zenit Saint Petersburg
72%
England 1C - 1W Leeds
71%
Sweden 1C Malmo
70%
Germany 1C - 2U Eintracht Frankfurt
69%
Italy 1U Atalanta
68%
Russia 1U CSKA Moscow
68%
Italy 2U - 2W Parma
68%
Germany 1U Schalke 04
68%
Spain 2U Athletic Bilbao
67%
England 1W Everton
67%
Romania 2C Steaua Bucuresti
67%
Germany 1C - 4U Borussia Monchengladbach
66%
Portugal 1U Sporting Braga
66%
Italy 1C - 2W Sampdoria
65%
Greece 1C Panathinaikos
64%
Ukraine 1U Shakhtar Donetsk
64%
Germany 1U - 1W Stuttgart
64%
Scotland 1W Aberdeen
63%
France 1U Bordeaux
63%
Portugal 1U - 1W Sporting Lisbon
62%
Spain 1U Villarreal
59%
France 2C Stade Reims
58%
Italy 1U Torino
58%
France 1C Saint Etienne
57%
Germany 1U Koln
56%
England 1U Fulham
55%
Germany 1U - 1W Werder Bremen
54%
Spain 1CO Betis Sevilla
53%
Hungary 1W Ferencvaros
53%
Sweden 2U IFK Göteborg
53%
Serbia 1C Partizan Belgrade
53%
Belgium 1W Antwerp
49%
Netherlands 1U Az Alkmaar
47%
Germany 1W Lokomotive Leipzig
47%
Netherlands 1U Twente
47%
Scotland 1U Dundee United
46%
Spain 2U Espanyol
46%
England 1U Ipswich Town
46%
Spain 1W Real Zaragoza
45%
Belgium 1W Standard Liège
45%
Slovakia 1W Slovan Bratislava
43%
Austria 1W Austria Vienna
41%
Ukraine 1U Dnipro Dnipropetrovsk
41%
Russia 1W Dynamo Moscow
41%
Georgia 1W Dinamo Tbilisi
37%
England 1U Wolverhampton
37%
Spain 1W Mallorca
35%
England 1U Middlesbrough
35%
Spain 1U Deportivo Alaves
34%
Belgium 1W Mechelen
32%
Germany 1W Magdeburg
28%
Germany 1W Fortuna Dusseldorf
26%
Germany 1W Munich 1860
24%
France 1U Bastia
22%
Poland 1W Górnik Zabrze
20%
Germany 1W Carl Zeiss Jena
19%
Hungary 1U Videoton
17%
Hungary 1W MTK Budapest
16%
No matching quizzes found
Score Distribution
Percent of People with Each Score
Percentile by Number Answered
Your Score History
You have not taken this quiz since the last reset